La época Somocista (1937-1979)
Сохранить в:
| Главный автор: | |
|---|---|
| Формат: | Текст |
| Язык: | Spanish |
| Опубликовано: |
Managua:
IHN CA. UCA
|
| Предметы: | |
| Метки: |
Добавить метку
Нет меток, Требуется 1-ая метка записи!
|
MARC
| LEADER | 00000 a a2200000 04500 | ||
|---|---|---|---|
| 001 | 37625 | ||
| 003 | cru IIS | ||
| 005 | 20230418133755.0 | ||
| 008 | 230418b |||||||| |||| 00| 0 spa d | ||
| 040 | |a CRAI/IIS |c CRAI/IIS | ||
| 090 | |a NI 0003 E75t | ||
| 100 | |a Esgueva Gómez, Antonio | ||
| 245 | |a La época Somocista (1937-1979) | ||
| 260 | |a Managua: |b IHN CA. UCA | ||
| 300 | |a 61-94 p. |b il. | ||
| 650 | 0 | |9 373 |a COMUNISMO | |
| 650 | 0 | |9 136 |a HISTORIA | |
| 651 | 0 | |9 1861 |a NICARAGUA | |
| 773 | 0 | |0 13796 |9 8650 |a Esgueva Gómez, Antonio |d Managua: IHN CA. UCA 1999 |o 04056 |t Conflictos y paz en la historia de Nicaragua / |w (cru CIDCAS/IIS)37624 | |
| 942 | |2 ddc |c LI | ||
| 999 | |c 44870 |d 44870 | ||
